000 00625nam a2200217Ii 4500
003 JO-AjNU
008 230606s9999||||xx |||||||||||||| ||und||
040 _aJO-AjNU
_beng
_erda
_cJO-AjNU
041 _aeng
050 1 4 _aLB 1027 .B37 1964
100 3 _aBeggs, David (editor),
_eauthor
_95485
245 0 0 _aTeam Teaching Bold new Venture
250 _a7 ed
264 3 1 _aLondon :Indiana Uneiversity Press , 1964
300 _a192p
336 _atext
_btxt
_2rdacontent
337 _aunmediated
_bn
_2rdamedia
338 _avolume
_bnc
_2rdacarrier
490 0 _aBold new venture 
650 4 _a Teaching teams. 
_95486
999 _aE2835
_c2833
_d2833